| 000 | 00641nam a2200229Ia 4500 | ||
|---|---|---|---|
| 003 | OSt | ||
| 005 | 20220926024756.0 | ||
| 006 | a|||||r|||| 00| 0 | ||
| 007 | ta | ||
| 008 | 220923b |||||||| |||| 00| 0 eng d | ||
| 037 | _cGeneral Book | ||
| 040 |
_aRTL _cRTL _beng |
||
| 041 |
_2eng _aeng |
||
| 082 | _aX6xM83:g, M8 | ||
| 100 |
_aClarke Peter _928009 |
||
| 245 | 0 | _aKeynesian revolution in the making 1924-1936 | |
| 260 |
_aOxford _bClarendon Press _c1988 |
||
| 300 |
_aix,348p Bib p 331-40 _ccm. |
||
| 650 |
_aKeynes _9231657 |
||
| 942 |
_hX6xM83:g, M8 _cGB _2CC |
||
| 999 |
_c645430 _d645430 |
||